[Event "Championnat de Paris Open A"]
[Site "Paris"]
[Date "2010.07.06"]
[Round "4.12"]
[White "Ribeiro, Romain"]
[Black "Trommsdorf, Fro"]
[Result "1-0"]
[WhiteElo "2159"]
[BlackElo "2076"]
[PlyCount "91"]
[EventDate "2010.??.??"]

1. e4 c5 2. Nc3 e6 3. g3 Nc6 4. Bg2 Nf6 5. Nge2 Be7 6. O-O O-O 7. d3 a6 8. a4
Rb8 9. Nf4 d6 10. Be3 Bd7 11. h3 Ne5 12. Nh5 Bc6 13. Nxf6+ Bxf6 14. f4 Nd7 15.
g4 d5 16. exd5 exd5 17. d4 Qb6 18. dxc5 Qxb2 19. Bd4 Qb4 20. Bxf6 Nxf6 21. Qd3
Qxc5+ 22. Kh2 Rfe8 23. Rae1 Rxe1 24. Rxe1 Qf2 25. Rf1 Qh4 26. g5 Nh5 27. Nxd5
Bxd5 28. Bxd5 g6 29. Qe3 Ng7 30. Qe7 Qg3+ 31. Kxg3 Nf5+ 32. Kf3 Nxe7 33. Bb3
Rd8 34. Re1 Nf5 35. Re4 Kf8 36. Rb4 Rd7 37. a5 Nd4+ 38. Ke4 Nc6 39. Ra4 Rd2 40.
c3 Rh2 41. Bd5 Nd8 42. Rc4 Rxh3 43. Ke5 Re3+ 44. Kd6 Rd3 45. Rc8 Ke8 46. c4 1-0

[Event "Championnat de Paris Open A"]
[Site "Paris"]
[Date "2010.07.06"]
[Round "4.13"]
[White "Gretry, Patrice"]
[Black "Troffiguer, Olivier"]
[Result "1-0"]
[WhiteElo "2010"]
[BlackElo "2159"]
[PlyCount "135"]
[EventDate "2010.??.??"]

1. Nf3 f5 2. b3 d6 3. Bb2 e5 4. e3 Nf6 5. c4 Be7 6. Nc3 O-O 7. Be2 b6 8. Qc2
Nc6 9. d4 e4 10. Nd2 Nb4 11. Qb1 c5 12. d5 Nd7 13. a3 Na6 14. Bd1 Ne5 15. Bc2
Ng4 16. h3 Nxe3 17. fxe3 Bh4+ 18. Ke2 Qg5 19. Qg1 Qh5+ 20. Kf1 f4 21. Bxe4
fxe3+ 22. Nf3 Qh6 23. Ke2 Bf2 24. Qb1 Bd7 25. Qd3 Rae8 26. Raf1 Nc7 27. Nd1 Rf4
28. Nc3 Rfxe4 29. Nxe4 Bf5 30. Nf6+ Qxf6 31. Bxf6 Bxd3+ 32. Kxd3 gxf6 33. g4 b5
34. Ne1 a5 35. Nc2 a4 36. bxa4 bxc4+ 37. Kxc4 Re4+ 38. Kb3 c4+ 39. Kb4 Nxd5+
40. Kb5 Nc3+ 41. Kb4 Ne2 42. Rh2 Nf4 43. Kb5 Nd3 44. a5 d5 45. a6 Re8 46. a7 c3
47. Kc6 d4 48. Nxd4 e2 49. Rhxf2 exf1=Q 50. Rxf1 Ne5+ 51. Kd5 Nd7 52. Kd6 Nb6
53. Rb1 Nc8+ 54. Kd7 Re7+ 55. Kxc8 Rxa7 56. Nc2 Ra5 57. Rb3 Rc5+ 58. Kd7 Kf7
59. Kd6 Rc8 60. Kd5 Kg6 61. Kd4 Kg5 62. Rxc3 Rd8+ 63. Kc4 Kh4 64. a4 h5 65.
gxh5 Kxh5 66. Nd4 Kg6 67. Rg3+ Kf7 68. Rg7+ 1-0

[Event "Championnat de Paris Open A"]
[Site "Paris"]
[Date "2010.07.06"]
[Round "4.14"]
[White "Bochef, Bryann"]
[Black "Santamaria, Jorge"]
[Result "0-1"]
[WhiteElo "1933"]
[BlackElo "2157"]
[PlyCount "100"]
[EventDate "2010.??.??"]

1. e4 c6 2. d4 d5 3. e5 c5 4. Nc3 cxd4 5. Qxd4 e6 6. Nf3 Nc6 7. Qf4 a6 8. a3
Qc7 9. Bd3 Nge7 10. O-O Ng6 11. Qe3 Be7 12. Re1 Bd7 13. Qe2 Rc8 14. h4 Bc5 15.
h5 Nge7 16. Bf4 g6 17. Bg3 Nf5 18. Bxf5 gxf5 19. Rad1 Ne7 20. Kh1 Bc6 21. Qd2
h6 22. Ne2 b5 23. c3 Qa7 24. Ned4 Kd7 25. Qf4 Rcg8 26. Qd2 Ba8 27. Bh4 Rg4 28.
g3 Ke8 29. Bf6 Rh7 30. Qd3 Re4 31. Kg2 Ng8 32. Nxb5 axb5 33. Qxb5+ Kf8 34. Rxe4
fxe4 35. Nd4 Be7 36. Nc6 Bxc6 37. Qxc6 Nxf6 38. exf6 Bxf6 39. a4 Kg7 40. b4 Rh8
41. c4 dxc4 42. Rd7 Qa8 43. Qxe6 Rf8 44. a5 c3 45. Qc4 e3+ 46. f3 Qe8 47. Qg4+
Kh8 48. Kf1 e2+ 49. Ke1 Qe3 50. Qf5 Bg7 0-1

[Event "Championnat de Paris Open A"]
[Site "Paris"]
[Date "2010.07.06"]
[Round "4.15"]
[White "Matrand, Arnaud"]
[Black "Msellek, Ilyass"]
[Result "0-1"]
[WhiteElo "2130"]
[BlackElo "2010"]
[PlyCount "132"]
[EventDate "2010.??.??"]

1. d4 Nf6 2. Nf3 g6 3. g3 Bg7 4. Bg2 O-O 5. O-O d6 6. c4 c6 7. Nc3 a6 8. e4
Nfd7 9. d5 b5 10. dxc6 Nxc6 11. cxb5 axb5 12. Re1 b4 13. Nd5 Nc5 14. Bf1 Bg4
15. h3 Bxf3 16. Qxf3 Nd4 17. Qd1 b3 18. Bg5 Re8 19. a3 Nce6 20. Be2 Nc2 21. Bb5
Qa5 22. Bxe8 Rxe8 23. Bd2 Qa7 24. Bc3 Ned4 25. Rc1 Nxe1 26. Bxe1 e6 27. Nb4 Qb7
28. Qd3 f5 29. f3 fxe4 30. fxe4 Rf8 31. Bf2 Rf3 32. Qb1 Rxf2 33. Kxf2 Qf7+ 34.
Ke1 Qf3 35. Qd3 Qh1+ 36. Qf1 Qxe4+ 37. Kd1 Nf5 38. Qe2 Qd4+ 39. Nd3 Ne3+ 40.
Ke1 Nc2+ 41. Kf1 e5 42. Nb4 Ne3+ 43. Kg1 h5 44. Qf2 d5 45. Re1 Bh6 46. Nc6 Qe4
47. Nd8 Qf5 48. Qxf5 gxf5 49. Nc6 e4 50. Kf2 Nc4 51. Ne7+ Kf7 52. Nxf5 Bf8 53.
Rb1 Kf6 54. g4 hxg4 55. hxg4 d4 56. Rc1 Nxb2 57. Rc8 Bxa3 58. Nxd4 Nd3+ 59. Ke3
b2 60. Rc6+ Ke7 61. Rc7+ Kd8 62. Ne6+ Ke8 63. Ng7+ Kf8 64. Ne6+ Kg8 65. Rc8+
Kf7 66. Ng5+ Kg7 0-1

[Event "Championnat de Paris Open A"]
[Site "Paris"]
[Date "2010.07.06"]
[Round "4.16"]
[White "Toubale, Kassem"]
[Black "Mircescu, Ovidiu"]
[Result "0-1"]
[WhiteElo "1935"]
[BlackElo "2123"]
[PlyCount "110"]
[EventDate "2010.??.??"]

1. e4 c5 2. c3 d5 3. exd5 Qxd5 4. d4 Nf6 5. Nf3 e6 6. Na3 Be7 7. Be3 cxd4 8.
Nb5 Qd8 9. Nbxd4 O-O 10. Be2 Nd5 11. O-O Nxe3 12. fxe3 Qb6 13. Qb3 Qc5 14. Qb5
Nc6 15. Qxc5 Bxc5 16. b4 Bb6 17. b5 Ne7 18. c4 Nf5 19. Nxf5 exf5 20. Nd4 g6 21.
g3 Re8 22. Kf2 Be6 23. Rac1 Rac8 24. Rc3 Rc7 25. Rfc1 Bc5 26. a4 Kg7 27. Bf3 g5
28. Nb3 Ba3 29. Rd1 Ree7 30. Nd4 Bc5 31. Nxe6+ Rxe6 32. Bd5 Re5 33. Kf3 Rce7
34. Rdd3 b6 35. Rb3 Kf6 36. Rbc3 Re8 37. Bc6 R8e7 38. Rb3 g4+ 39. Kf2 Kg5 40.
Rbc3 Rxe3 41. Rxe3 f4 42. gxf4+ Kxf4 43. Kg2 Rxe3 44. Rc1 Re2+ 45. Kh1 f5 46.
Rd1 Kg5 47. Rd7 Re7 48. Rd8 f4 49. Rd1 f3 50. Bd5 Kf4 51. Rf1 Ke3 52. Re1+ Kf2
53. Rxe7 Bxe7 54. Be6 h5 55. Bd5 Ke1 0-1

[Event "Championnat de Paris Open A"]
[Site "Paris"]
[Date "2010.07.06"]
[Round "4.17"]
[White "Gervasio, Ricardo"]
[Black "Arndt, Uwe"]
[Result "1-0"]
[WhiteElo "2292"]
[BlackElo "2049"]
[PlyCount "41"]
[EventDate "2010.??.??"]

1. e4 c6 2. d3 d5 3. Nd2 e5 4. Ngf3 Bd6 5. Be2 Ne7 6. O-O O-O 7. Re1 Ng6 8. Bf1
Be6 9. d4 Nd7 10. exd5 cxd5 11. dxe5 Ndxe5 12. g3 Rc8 13. c3 Qd7 14. Ng5 Bg4
15. f3 Bf5 16. f4 Bc5+ 17. Kg2 Ng4 18. Nb3 Bb6 19. Nd4 Rfe8 20. Rxe8+ Rxe8 21.
Bb5 1-0

[Event "Championnat de Paris Open A"]
[Site "Paris"]
[Date "2010.07.06"]
[Round "4.18"]
[White "Eid, Maha"]
[Black "Laurent, Julien G"]
[Result "1/2-1/2"]
[WhiteElo "2051"]
[BlackElo "2291"]
[PlyCount "107"]
[EventDate "2010.??.??"]

1. d4 Nf6 2. c4 e6 3. Nf3 c5 4. d5 d6 5. Nc3 exd5 6. cxd5 g6 7. e4 Bg7 8. Be2
O-O 9. O-O Bg4 10. Bg5 h6 11. Bh4 a6 12. a4 Nbd7 13. Nd2 Bxe2 14. Qxe2 Qc7 15.
Nc4 Nb6 16. f4 Nxc4 17. Qxc4 Rae8 18. Kh1 Nd7 19. a5 f5 20. e5 g5 21. exd6 Qxd6
22. fxg5 Ne5 23. Qf4 Qg6 24. gxh6 Bxh6 25. Qg3 Qxg3 26. Bxg3 Nc4 27. Bf2 Rc8
28. Na4 Nd2 29. Nb6 Rcd8 30. Rfe1 Ne4 31. Bh4 Rde8 32. Nd7 Bd2 33. Red1 Rf7 34.
Rxd2 Rxd7 35. Rd3 Kf7 36. Rf1 Rh8 37. Be1 Kg6 38. Bc3 Rhd8 39. Re3 Re8 40. Rd3
Red8 41. Re3 Rxd5 42. g4 Nxc3 43. gxf5+ Rxf5 44. Rxf5 Nd1 45. Ref3 Nxb2 46.
Rxc5 Rd1+ 47. Kg2 Nd3 48. Rg3+ Kf6 49. Rc7 Rd2+ 50. Kf1 Ne5 51. Rxb7 Rxh2 52.
Rb6+ Kf5 53. Kg1 Ra2 54. Rxa6 {=} 1/2-1/2

[Event "Championnat de Paris Open A"]
[Site "Paris"]
[Date "2010.07.06"]
[Round "4.19"]
[White "Aguirre, Simon"]
[Black "Blot, David"]
[Result "1-0"]
[WhiteElo "2290"]
[BlackElo "2044"]
[PlyCount "101"]
[EventDate "2010.??.??"]

1. d4 Nf6 2. Nf3 g6 3. c4 Bg7 4. g3 O-O 5. Bg2 d6 6. O-O Nbd7 7. Nc3 e5 8. e4
exd4 9. Nxd4 Re8 10. h3 c6 11. Re1 a5 12. Qc2 Nc5 13. Bf4 Nfd7 14. Nb3 a4 15.
Nxc5 Nxc5 16. Rad1 Qa5 17. Bxd6 a3 18. Bxc5 Qxc5 19. b3 b5 20. Nb1 Be6 21. Bf1
Reb8 22. Nd2 Ra7 23. Kg2 Rd7 24. Rc1 Rbd8 25. Nb1 Qh5 26. h4 Bg4 27. Be2 Bb2
28. f3 Be6 29. Rcd1 Qc5 30. Rxd7 Rxd7 31. Rd1 Rxd1 32. Qxd1 Qe3 33. Qd2 Qb6 34.
h5 gxh5 35. Qg5+ Kh8 36. Nd2 Qd4 37. e5 Bc1 38. Qf6+ Kg8 39. Ne4 Qe3 40. Qd8+
Kg7 41. Bd3 Qe1 42. Qf6+ Kg8 43. f4 Bh3+ 44. Kh2 Bg4 45. Qd8+ Kg7 46. Qg5+ Kf8
47. Qh6+ Ke8 48. Qxc6+ Kf8 49. Qh6+ Ke8 50. c5 Qb4 51. Nf6+ 1-0

[Event "Championnat de Paris Open A"]
[Site "Paris"]
[Date "2010.07.06"]
[Round "4.20"]
[White "Xheladini, Mahmut"]
[Black "Reilhac, Philippe"]
[Result "1-0"]
[WhiteElo "2286"]
[BlackElo "2034"]
[PlyCount "83"]
[EventDate "2010.??.??"]

1. e4 c5 2. Nf3 e6 3. Nc3 a6 4. a4 Nc6 5. Bc4 Nf6 6. Qe2 d6 7. O-O Be7 8. d3
Bd7 9. h3 O-O 10. Be3 Qc7 11. Rfe1 Rab8 12. Qd2 Na5 13. Ba2 Bc6 14. Ne2 b6 15.
Ng3 Bb7 16. Bg5 Nc6 17. c3 b5 18. axb5 axb5 19. Rac1 Ra8 20. Bb1 Na5 21. Rcd1
Bc8 22. d4 e5 23. Ba2 Nc4 24. Bxc4 bxc4 25. dxe5 dxe5 26. Qe2 h6 27. Bc1 Be6
28. Nd2 Ra4 29. Ngf1 Nd7 30. Nb1 f5 31. exf5 Bxf5 32. Na3 Bd3 33. Qg4 Bf5 34.
Qf3 Be6 35. Qe4 Rf6 36. Ng3 Qc8 37. f4 Qe8 38. fxe5 Rg6 39. Nf5 Nf8 40. Rf1 Bg5
41. Nd6 Bf5 42. Qxf5 1-0

[Event "Championnat de Paris Open A"]
[Site "Paris"]
[Date "2010.07.06"]
[Round "4.21"]
[White "Guerlach, Frederic"]
[Black "Elishev, Ivan"]
[Result "0-1"]
[WhiteElo "2035"]
[BlackElo "2214"]
[PlyCount "90"]
[EventDate "2010.??.??"]

1. Nf3 Nf6 2. c4 g6 3. Nc3 d5 4. cxd5 Nxd5 5. Qa4+ Bd7 6. Qb3 Nb6 7. d3 Bg7 8.
g3 Bc6 9. Bg2 O-O 10. O-O N8d7 11. Be3 Nf6 12. Rac1 Nfd5 13. Bd4 Nxc3 14. bxc3
Bd5 15. Qb2 e5 16. Be3 e4 17. Ne1 exd3 18. exd3 Bxg2 19. Kxg2 Qd5+ 20. Kg1 Rad8
21. Qb3 Qc6 22. d4 Nc4 23. Bf4 b5 24. Nd3 Qf3 25. Ne1 Qd5 26. h4 h6 27. Rb1 c6
28. a4 g5 29. hxg5 hxg5 30. Bc1 a6 31. axb5 axb5 32. Qd1 Rfe8 33. Qh5 Qf5 34.
Ra1 Rd5 35. Ng2 b4 36. Ne3 Nxe3 37. fxe3 Qe6 38. Ra7 Rf5 39. Rxf5 Qxf5 40. cxb4
Bxd4 41. Rc7 Rxe3 42. Bxe3 Bxe3+ 43. Kh2 Qf2+ 44. Kh3 Qf1+ 45. Kh2 Bg1+ 0-1

[Event "Championnat de Paris Open A"]
[Site "Paris"]
[Date "2010.07.06"]
[Round "4.22"]
[White "Talbi, Boumedienne"]
[Black "Baudon, Sebastien"]
[Result "1-0"]
[WhiteElo "2202"]
[BlackElo "2027"]
[PlyCount "131"]
[EventDate "2010.??.??"]

1. e4 c5 2. Nf3 Nc6 3. d4 cxd4 4. Nxd4 Nf6 5. Nc3 e5 6. Ndb5 d6 7. Bg5 a6 8.
Na3 b5 9. Bxf6 gxf6 10. Nd5 Bg7 11. c3 Ne7 12. Nxe7 Qxe7 13. Nc2 f5 14. exf5
O-O 15. Ne3 Rd8 16. Nd5 Qh4 17. f6 Bxf6 18. Qf3 Bg7 19. Ne7+ Qxe7 20. Qxa8 Bh6
21. Qf3 Qg5 22. Qg3 Bg4 23. Qe3 Qh5 24. Qd3 e4 25. Qd4 d5 26. h3 Re8 27. Rg1
Bc8 28. g4 Qh4 29. g5 Bxg5 30. Qe3 h6 31. O-O-O Be6 32. Kb1 Kh7 33. Qb6 Qh5 34.
Re1 Bd2 35. Be2 Qxh3 36. Qd4 Bg5 37. Rg3 Qf5 38. Ka1 Qf6 39. Qb6 Bc8 40. Qc5
Bh4 41. Rg2 Bh3 42. Rh2 Be6 43. Reh1 Bg5 44. a3 Rg8 45. Qb4 Bd2 46. Kb1 Bf5 47.
Ka2 Be6 48. Kb1 Bf5 49. Ka1 Bf4 50. Rh5 Be6 51. f3 Qg6 52. fxe4 dxe4 53. Bd3 f5
54. Bb1 Bg5 55. Qd4 Bf7 56. Ba2 Rf8 57. Rxg5 Qxg5 58. Rg1 Bxa2 59. Rxg5 hxg5
60. Kxa2 Kg6 61. b3 Kh5 62. Qd6 Re8 63. Qd7 Re5 64. Qg7 Re6 65. Qf7+ Rg6 66.
Qxf5 1-0

[Event "Championnat de Paris Open A"]
[Site "Paris"]
[Date "2010.07.06"]
[Round "4.23"]
[White "Olivier, Philippe"]
[Black "Dicko, Henri"]
[Result "0-1"]
[WhiteElo "2029"]
[BlackElo "2191"]
[PlyCount "88"]
[EventDate "2010.??.??"]

1. e4 e5 2. Bc4 Nf6 3. d3 Bc5 4. Nf3 Nc6 5. Nc3 a6 6. Bg5 h6 7. Bxf6 Qxf6 8.
Nd5 Qd8 9. c3 b5 10. Bb3 d6 11. d4 Ba7 12. dxe5 Nxe5 13. Nxe5 dxe5 14. Qf3 O-O
15. Rd1 c6 16. Ne3 Qc7 17. O-O Bc5 18. Rd2 g6 19. Qf6 Kh7 20. Rfd1 Be7 21. Qf3
Kg7 22. Qg3 h5 23. h4 Kh7 24. Kh1 a5 25. a4 bxa4 26. Bxa4 Be6 27. Qf3 Rab8 28.
g3 Rb7 29. Qe2 Rfb8 30. Kg2 Bf8 31. g4 Bh6 32. gxh5 Rg8 33. hxg6+ Rxg6+ 34. Kh1
Bf4 35. Nf5 Bxd2 36. Rxd2 Bxf5 37. exf5 Rh6 38. h5 Qe7 39. Qg4 Rb8 40. f6 Qxf6
41. Bd1 Rg8 42. Qe4+ Kh8 43. Rd3 Qxf2 44. Qxe5+ f6 0-1

[Event "Championnat de Paris Open A"]
[Site "Paris"]
[Date "2010.07.06"]
[Round "4.24"]
[White "Samoun, Florent"]
[Black "Marchand, Andre"]
[Result "1-0"]
[WhiteElo "2160"]
[BlackElo "2019"]
[PlyCount "53"]
[EventDate "2010.??.??"]

1. f4 Nf6 2. Nf3 g6 3. b3 Bg7 4. Bb2 O-O 5. g3 d6 6. Bg2 Nbd7 7. O-O c6 8. Qe1
e5 9. fxe5 Ng4 10. e4 Ngxe5 11. Nxe5 Nxe5 12. d4 Ng4 13. h3 Nf6 14. Nd2 b5 15.
Qf2 a5 16. e5 Nd5 17. Ne4 dxe5 18. dxe5 Be6 19. Nf6+ Kh8 20. g4 a4 21. Qh4 Bxf6
22. exf6 Rg8 23. Rae1 Qb6+ 24. Kh1 Rae8 25. Re5 b4 26. Be4 Nc3 27. Qxh7+ 1-0

[Event "Championnat de Paris Open A"]
[Site "Paris"]
[Date "2010.07.06"]
[Round "4.25"]
[White "Gouanelle, Franck"]
[Black "Gauthier, Arnaud"]
[Result "1-0"]
[WhiteElo "2158"]
[BlackElo "2003"]
[PlyCount "41"]
[EventDate "2010.??.??"]

1. Nf3 d5 2. d4 e6 3. g3 Nf6 4. Bg2 c6 5. O-O Bd6 6. Nbd2 Nbd7 7. Re1 O-O 8. e4
dxe4 9. Ng5 e3 10. fxe3 e5 11. Nge4 Nxe4 12. Nxe4 Bc7 13. d5 cxd5 14. Qxd5 Qe7
15. b3 Rb8 16. a4 Re8 17. Ba3 Nb6 18. Qd2 Qe6 19. a5 Nd7 20. Nd6 Rd8 21. Bd5
1-0

[Event "Championnat de Paris Open A"]
[Site "Paris"]
[Date "2010.07.06"]
[Round "4.34"]
[White "Lemeille, Francois"]
[Black "Harrison, Marc"]
[Result "1-0"]
[WhiteElo "1975"]
[BlackElo "2100"]
[PlyCount "79"]
[EventDate "2010.??.??"]

1. e4 c5 2. Nf3 d6 3. d4 cxd4 4. Nxd4 Nf6 5. Nc3 a6 6. Bg5 e6 7. f4 Nc6 8. Nb3
Be7 9. Bd3 h6 10. Bh4 Qc7 11. Qf3 Bd7 12. O-O-O Rc8 13. Rhe1 b5 14. Re2 Nb4 15.
a3 Nxd3+ 16. Qxd3 Bc6 17. f5 O-O 18. Nd4 Bd7 19. g4 Rfe8 20. Qg3 Qc4 21. Bxf6
gxf6 22. Qe3 Kh7 23. Rf1 d5 24. Rf3 e5 25. Rh3 Bf8 26. Nxd5 Qxd5 27. exd5 exd4
28. Qd2 Re5 29. Rxe5 fxe5 30. Qe2 f6 31. Qe4 Kg7 32. Rg3 b4 33. axb4 Bxb4 34.
h4 Bb5 35. g5 hxg5 36. hxg5 d3 37. gxf6+ Kxf6 38. Qh4+ Kxf5 39. Qg4+ Kf6 40.
Qe6# 1-0

[Event "Championnat de Paris Open A"]
[Site "Paris"]
[Date "2010.07.06"]
[Round "4.47"]
[White "Elkaim, Olivier"]
[Black "Huguet, Etienne"]
[Result "1-0"]
[WhiteElo "2100"]
[BlackElo "1966"]
[PlyCount "35"]
[EventDate "2010.??.??"]

1. e4 c5 2. Nf3 d6 3. d4 cxd4 4. Nxd4 Nf6 5. Nc3 a6 6. Bc4 e6 7. Be3 Nbd7 8.
O-O Nc5 9. f4 Qc7 10. Bb3 Be7 11. f5 e5 12. Nf3 Ncxe4 13. Nxe4 Nxe4 14. Qd5 Nf6
15. Qxf7+ Kd8 16. Rad1 Bd7 17. Qxg7 Rf8 18. Kh1 1-0

[Event "Championnat de Paris Open A"]
[Site "Paris"]
[Date "2010.07.07"]
[Round "5.1"]
[White "Duijker, Rick"]
[Black "Wunderman, Xavier"]
[Result "1/2-1/2"]
[WhiteElo "2241"]
[BlackElo "2173"]
[PlyCount "136"]
[EventDate "2010.??.??"]

1. d4 d5 2. Bg5 c6 3. c3 Nd7 4. Nd2 Qb6 5. Qb3 f5 6. e3 h6 7. Bh4 Ngf6 8. Bd3
e6 9. Bxf6 Qxb3 10. axb3 gxf6 11. b4 b6 12. Ne2 Kf7 13. O-O Bd6 14. Ra2 b5 15.
Rfa1 a6 16. Nb3 Ra7 17. g3 Rg8 18. Kg2 Rc7 19. f4 h5 20. Nc5 Nb8 21. Kf2 Ke8
22. Rg1 Rcg7 23. Raa1 Kd8 24. Nc1 e5 25. Ne2 Kc7 {=} 26. Bc2 Kb6 27. Nb3 Re7
28. Nd2 Rge8 29. Rge1 Be6 30. Nf3 Nd7 31. Nh4 e4 32. Nc1 Nf8 33. Bd1 Rh7 34.
Be2 Ree7 35. Bf1 Reg7 36. Bh3 Ng6 37. Ne2 Ne7 38. Ra2 Rg8 39. Rea1 Ra8 40. Nc1
Ra7 41. Nb3 Rh8 42. Ra3 Rha8 43. Bf1 Rg8 44. Be2 Ng6 45. Nc5 Bxc5 46. dxc5+ Kb7
47. Bxh5 Nxh4 48. gxh4 Rh8 49. Be2 Rxh4 50. Kg3 Rh7 51. h4 Ra8 52. Rh1 Rg8+ 53.
Kf2 Rgh8 54. h5 Bf7 55. Rg1 Bxh5 56. Bxh5 Rxh5 57. Rg7+ Kb8 58. Rxa6 Rh2+ 59.
Rg2 Kb7 60. Rb6+ Kc7 61. Ra6 Kb7 62. Rb6+ Kc7 63. Ra6 R8h3 64. Ra7+ Kd8 65.
Rag7 Rf3+ 66. Ke2 Rfh3 67. Kf2 Rf3+ 68. Ke2 Rfh3 {=} 1/2-1/2

[Event "Championnat de Paris Open A"]
[Site "Paris"]
[Date "2010.07.07"]
[Round "5.2"]
[White "Rene, Benoit"]
[Black "Hanchour, Baroudi"]
[Result "1/2-1/2"]
[WhiteElo "2299"]
[BlackElo "2159"]
[PlyCount "84"]
[EventDate "2010.??.??"]

1. b3 Nf6 2. Bb2 d6 3. g3 e5 4. Bg2 Be7 5. c4 c6 6. Nf3 O-O 7. O-O Re8 8. Nc3
Nbd7 9. Qc2 Bf8 10. d4 e4 11. Ng5 d5 12. cxd5 cxd5 13. Nb5 h6 14. Nc7 hxg5 15.
Nxa8 Bd6 16. Rac1 Rf8 17. a4 Nb8 18. Nc7 a6 19. a5 Bd7 20. b4 Bc6 21. Na8 Bxb4
22. Bc3 Bxa5 23. Bxa5 Qxa5 24. Qb2 Nbd7 25. Rxc6 bxc6 26. Qb7 Qb5 27. Qxb5 axb5
28. Nc7 Nb8 29. Ra1 Rc8 30. Ra7 g4 31. Rb7 Ne8 32. Nxe8 Rxe8 33. Rc7 Rd8 34.
Kf1 g6 35. Ke1 Kg7 36. h3 gxh3 37. Bxh3 Rd6 38. Bc8 g5 39. Kd2 Kg6 40. Rb7 Na6
41. Ra7 Nb8 42. Rb7 Na6 1/2-1/2

[Event "Championnat de Paris Open A"]
[Site "Paris"]
[Date "2010.07.07"]
[Round "5.3"]
[White "Santamaria, Jorge"]
[Black "Peric, Slavisa"]
[Result "0-1"]
[WhiteElo "2157"]
[BlackElo "2215"]
[PlyCount "108"]
[EventDate "2010.??.??"]

1. c4 e6 2. g3 d5 3. Bg2 Nf6 4. Nf3 c6 5. b3 Bc5 6. d4 Bb4+ 7. Bd2 Be7 8. O-O
Ne4 9. Bf4 Nd7 10. Qc2 O-O 11. Nbd2 g5 12. Be3 f5 13. Nxe4 dxe4 14. Ne5 Qe8 15.
Bc1 Qh5 16. Nxd7 Bxd7 17. f4 Bf6 18. Bb2 gxf4 19. gxf4 Rf7 20. Kh1 Rg7 21. Rg1
Kf7 22. d5 Bxb2 23. Qxb2 Rag8 24. dxe6+ Bxe6 25. Qe5 Qh4 26. Qc7+ Qe7 27. Qxe7+
Kxe7 28. Bh3 Rg6 29. Rxg6 hxg6 30. Rd1 a5 31. Bf1 a4 32. Kg2 Ra8 33. e3 axb3
34. axb3 Ra2+ 35. Kg3 Rb2 36. Ra1 Rxb3 37. Kf2 Rb2+ 38. Kg3 Rb4 39. Rc1 b6 40.
Rc3 Kd6 41. Ra3 Bxc4 42. Bxc4 Rxc4 43. Kh4 b5 44. Kg5 b4 45. Ra4 Kd5 46. Kxg6
b3 47. Ra1 b2 48. Rb1 Rb4 49. h4 c5 50. h5 c4 51. h6 c3 52. h7 Rb8 53. Kxf5 Kc4
54. Rg1 Rh8 0-1

[Event "Championnat de Paris Open A"]
[Site "Paris"]
[Date "2010.07.07"]
[Round "5.5"]
[White "Aurel, Luc"]
[Black "Ribeiro, Romain"]
[Result "1-0"]
[WhiteElo "2185"]
[BlackElo "2159"]
[PlyCount "100"]
[EventDate "2010.??.??"]

1. Nf3 c5 2. e4 e6 3. d3 Nc6 4. Nbd2 Nf6 5. g3 Be7 6. Bg2 d6 7. O-O O-O 8. h3
Qc7 9. Nh2 d5 10. f4 dxe4 11. dxe4 e5 12. f5 Rd8 13. c3 b5 14. g4 h6 15. h4 Nh7
16. Qe1 Bb7 17. Ndf3 f6 18. g5 fxg5 19. hxg5 hxg5 20. Ng4 b4 21. Ne3 Na5 22.
Nd5 Bxd5 23. exd5 Nc4 24. Qg3 Qd6 25. Qg4 Qa6 26. d6 Rxd6 27. Nxg5 Bxg5 28.
Bxg5 Rf8 29. f6 Nxg5 30. Qxg5 Rfxf6 31. Rxf6 Rxf6 32. Rd1 Rd6 33. Bd5+ Kf8 34.
Rf1+ Ke8 35. Bxc4 Qxc4 36. Qxg7 Qxf1+ 37. Kxf1 Rd1+ 38. Ke2 Rd7 39. Qh8+ Kf7
40. Ke3 bxc3 41. bxc3 Ke6 42. Ke4 Kd6 43. Qxe5+ Kc6 44. Qb8 Rb7 45. Qe8+ Rd7
46. a4 Kc7 47. a5 Rh7 48. Kd5 Kb7 49. Kxc5 Rc7+ 50. Kb4 Ka6 1-0

[Event "Championnat de Paris Open A"]
[Site "Paris"]
[Date "2010.07.07"]
[Round "5.6"]
[White "Legrand, Stephane"]
[Black "Dionisi, Thomas"]
[Result "0-1"]
[WhiteElo "2129"]
[BlackElo "2183"]
[PlyCount "74"]
[EventDate "2010.??.??"]

1. d4 g6 2. c4 Bg7 3. Nc3 d6 4. Nf3 Nd7 5. g3 e5 6. Bg2 Ne7 7. e3 O-O 8. O-O f5
9. b4 e4 10. Ng5 Nf6 11. Nh3 c6 12. a4 Be6 13. Qe2 h6 14. a5 g5 15. Kh1 Qd7 16.
Ng1 g4 17. Ba3 Nh7 18. h4 Ng6 19. Qa2 Nxh4 20. gxh4 Qe7 21. Nge2 Qxh4+ 22. Kg1
Ng5 23. Rfd1 Nf3+ 24. Kf1 Qh2 25. Nf4 Nh4 26. Nce2 b5 27. d5 Bf7 28. Bb2 Be5
29. c5 cxd5 30. Bd4 Bxf4 31. Nxf4 Nxg2 32. Nxd5 Kh7 33. Ke2 Qh3 34. cxd6 Qf3+
35. Kf1 g3 36. Nf6+ Kg6 37. Qe2 Bc4 0-1

[Event "Championnat de Paris Open A"]
[Site "Paris"]
[Date "2010.07.07"]
[Round "5.7"]
[White "Msellek, Ilyass"]
[Black "Emmenecker, Philippe"]
[Result "0-1"]
[WhiteElo "2010"]
[BlackElo "2169"]
[PlyCount "90"]
[EventDate "2010.??.??"]

1. e4 c5 2. Nf3 Nc6 3. Bb5 d6 4. O-O Bd7 5. Re1 Nf6 6. c3 g6 7. d4 Bg7 8. e5
dxe5 9. dxe5 Ng4 10. Bf4 Qb6 11. Na3 Rd8 12. Qe2 O-O 13. h3 Nh6 14. g4 Kh8 15.
Qe3 Ng8 16. Be2 a6 17. Nc4 Qa7 18. a4 b6 19. Qe4 f5 20. gxf5 gxf5 21. Qe3 e6
22. Nd6 Nge7 23. Ng5 Nd5 24. Qg3 Be8 25. Bc4 Nxf4 26. Qxf4 Bh6 27. Bxe6 Qe7 28.
Ngf7+ Bxf7 29. Nxf7+ Rxf7 30. Qxh6 Rg7+ 31. Kh2 Rg6 32. Qf4 Qxe6 33. Qh4 Qd5
34. Rg1 Qxe5+ 35. Kh1 Qe4+ 36. Qxe4 fxe4 37. Rxg6 hxg6 38. Re1 Re8 39. Rd1 Re6
40. Kg2 Ne5 41. b4 Nd3 42. b5 a5 43. Kg3 Rf6 44. Rd2 Rf3+ 45. Kg2 Nf4+ 0-1

[Event "Championnat de Paris Open A"]
[Site "Paris"]
[Date "2010.07.07"]
[Round "5.8"]
[White "Rano, David"]
[Black "Gretry, Patrice"]
[Result "0-1"]
[WhiteElo "2166"]
[BlackElo "2010"]
[PlyCount "106"]
[EventDate "2010.??.??"]

1. d4 d5 2. c4 c6 3. Nc3 Nf6 4. e3 e6 5. Nf3 Nbd7 6. Qc2 Bd6 7. b3 O-O 8. Be2
Qe7 9. a4 a5 10. O-O Re8 11. Re1 dxc4 12. bxc4 e5 13. c5 Bc7 14. Ba3 e4 15. Nd2
Nf8 16. Nc4 Ng4 17. Nd6 Bxd6 18. cxd6 Qh4 19. Bxg4 Qxg4 20. Ne2 Nd7 21. Rab1
Nf6 22. Rec1 h5 23. Rb2 h4 24. h3 Qf5 25. Qc5 Qxc5 26. dxc5 Ra7 27. Rcb1 Re5
28. Nd4 Nd7 29. Rc2 Kf8 30. Kf1 Ke8 31. Rc4 f5 32. Ke2 Kf7 33. f3 Nf6 34. Bb2
Re8 35. f4 Nd5 36. Rcc1 Nb4 37. Bc3 Nd3 38. Nb3 Nxc1+ 39. Rxc1 Be6 40. Nxa5
Rea8 41. Rb1 Rxa5 42. Rxb7+ Kf8 43. Bxa5 Rxa5 44. Re7 Bc4+ 45. Kd2 Rxc5 46. Re5
Rd5+ 47. Kc3 Bf1 48. Rxd5 cxd5 49. Kd4 Bc4 50. Kc5 Ke8 51. Kc6 Kd8 52. Kc5 Kd7
53. a5 g6 0-1

[Event "Championnat de Paris Open A"]
[Site "Paris"]
[Date "2010.07.07"]
[Round "5.9"]
[White "Pluyaud, Benoit"]
[Black "Gervasio, Ricardo"]
[Result "0-1"]
[WhiteElo "1930"]
[BlackElo "2292"]
[PlyCount "72"]
[EventDate "2010.??.??"]

1. d4 d5 2. Nf3 Bf5 3. c4 e6 4. a3 Nc6 5. Nc3 Nf6 6. Nh4 Bg6 7. Nxg6 hxg6 8. e3
Ne7 9. b4 Nf5 10. c5 g5 11. Bb5+ Ke7 12. Be2 g6 13. Bb2 Bg7 14. Qd3 Rh7 15.
O-O-O c6 16. Kb1 Qc7 17. g3 Rah8 18. e4 dxe4 19. Nxe4 Nxe4 20. Qxe4 Kf8 21. h4
gxh4 22. g4 Ne7 23. Rh3 Nd5 24. Rf3 Kg8 25. Bc4 h3 26. Rh1 h2 27. Qd3 Rh4 28.
Bxd5 exd5 29. Qe2 Rxg4 30. Rd3 Rg1+ 31. Rd1 Rxd1+ 32. Qxd1 Qf4 33. f3 Rh3 34.
a4 Rxf3 35. b5 Rf2 36. bxc6 bxc6 0-1

[Event "Championnat de Paris Open A"]
[Site "Paris"]
[Date "2010.07.07"]
[Round "5.10"]
[White "Lazo, Xenia"]
[Black "Aguirre, Simon"]
[Result "1-0"]
[WhiteElo "2112"]
[BlackElo "2290"]
[PlyCount "67"]
[EventDate "2010.??.??"]

1. d4 Nf6 2. c4 g6 3. Nc3 d5 4. cxd5 Nxd5 5. e4 Nxc3 6. bxc3 Bg7 7. Bc4 c5 8.
Ne2 O-O 9. O-O Nc6 10. Be3 Bd7 11. Rc1 a6 12. dxc5 Qc7 13. Bd5 Na5 14. Rb1 e6
15. Bb3 Bb5 16. Qc2 Nc4 17. Bxc4 Bxc4 18. Rfd1 Rfd8 19. Nf4 Bf8 20. Rb4 Rxd1+
21. Qxd1 Rd8 22. Qc2 Bb5 23. Rd4 Rc8 24. a4 Be8 25. Nd3 a5 26. Bf4 Qc6 27. Bd6
Bg7 28. e5 b5 29. Nb2 f6 30. f4 g5 31. Qb3 Kf7 32. f5 Bd7 33. axb5 Qa8 34. c6
1-0